Choosing to love again : (Record no. 4806)

MARC details
000 -LEADER
fixed length control field 00793cam a2200253 a 4500
001 - CONTROL NUMBER
control field 26400865
003 - CONTROL NUMBER IDENTIFIER
control field OCoLC
005 - DATE AND TIME OF LATEST TRANSACTION
control field 20181214190611.0
008 - FIXED-LENGTH DATA ELEMENTS--GENERAL INFORMATION
fixed length control field 920617s1992 coua b 000 0 eng
010 ## - LIBRARY OF CONGRESS CONTROL NUMBER
LC control number 92024478
020 ## - INTERNATIONAL STANDARD BOOK NUMBER
International Standard Book Number 1561790958
040 ## - CATALOGING SOURCE
Original cataloging agency DLC
Transcribing agency DLC
082 ## - DEWEY DECIMAL CLASSIFICATION NUMBER
Classification number 303.69
Item number R789C
092 ## - LOCALLY ASSIGNED DEWEY CALL NUMBER (OCLC)
Classification number 303.69
Item number R789C
100 1# - MAIN ENTRY--PERSONAL NAME
Personal name Rosberg, Gary,
Dates associated with a name 1952-
245 10 - TITLE STATEMENT
Title Choosing to love again :
Remainder of title restoring broken relationships /
Statement of responsibility, etc. Gary Rosberg
260 ## - PUBLICATION, DISTRIBUTION, ETC.
Place of publication, distribution, etc. Colorado Springs, CO :
Name of publisher, distributor, etc. Focus on the Family Pub. ;
Place of publication, distribution, etc. Dallas, Tex. :
Name of publisher, distributor, etc. Distributed by Word Books,
Date of publication, distribution, etc. c1992
300 ## - PHYSICAL DESCRIPTION
Extent xiii, 268 p. :
Other physical details ill. ;
Dimensions 25 cm
504 ## - BIBLIOGRAPHY, ETC. NOTE
Bibliography, etc. note Includes bibliographical references
650 #0 - SUBJECT ADDED ENTRY--TOPICAL TERM
Topical term or geographic name entry element Conflict management
650 #0 - SUBJECT ADDED ENTRY--TOPICAL TERM
Topical term or geographic name entry element Interpersonal conflict
650 #0 - SUBJECT ADDED ENTRY--TOPICAL TERM
Topical term or geographic name entry element Interpersonal relations
942 ## - ADDED ENTRY ELEMENTS (KOHA)
Source of classification or shelving scheme Dewey Decimal Classification
Koha item type Books
Holdings
Withdrawn status Lost status Source of classification or shelving scheme Damaged status Not for loan Collection code Home library Current library Shelving location Date acquired Cost, normal purchase price Total Checkouts Full call number Barcode Date last seen Price effective from Koha item type
    Dewey Decimal Classification     Non-fiction Harvest Mission College Harvest Mission College General Stacks 14.12.2018 600.00   303.69 R789C 005523 14.12.2018 14.12.2018 Books

OPAC Designed and Maintained by HMC Library Team.
Copyright © HMC Library,Greater Noida, UP.
For any Suggestions/Query Contact library via Email:libhmc@gmail.com